000 00484nam a2200181Ia 4500
001 9616
005 20260306161731.0
008 260306t2005||||xx |||||||||||||| ||spa||
041 _aESP
082 _a382.71
_bM86
100 _aMorón, Eduardo
_eAUT
245 0 _aTratado de libre comercio con los Estados Unidos:
_bUna oportunidad para crecer sostenidamente
260 _c2005
300 _a000 páginas :
_c00 cm.
650 _aGEN
654 _aCAN
942 _cLIB
_dJUS
_fJUS
_2ddc
_n
999 _c9616
_d9616